000 00299nam a22001217a 4500
008 171002b xxu||||| |||| 00| 0 eng d
041 _aeng
080 _a37
100 _a47
101 _aEDU
245 _aTHE FALL OF THE IVORY TOWER AMERICAN HIGHER EDUCATION
_cROCHE.G
942 _2udc
_cBK
999 _c31096
_d31096